| 000 | 00493nam a2200169Ia 4500 | ||
|---|---|---|---|
| 003 | GCL | ||
| 008 | 140319s9999 xx 000 0 ara d | ||
| 040 |
_aGCL / _cGCL |
||
| 082 | 0 | 4 |
_aط _b754 _bم ا |
| 245 | 1 | 0 | _aاطلس السكان والطفولة |
| 260 |
_aالقاهرة : _bالمجلس القومى للسكان |
||
| 300 |
_a62 ص ؛ _c20 سم |
||
| 650 | 0 | 4 | _aالسكان |
| 650 | 0 | 4 | _aرسوم الاطفال |
| 650 | 0 | 4 | _aرسم المناظر الطبيعية |
| 942 |
_2ddc _cBK |
||
| 999 |
_c6800 _d6800 |
||